Famine Manual / (Record no. 24320)

MARC details
000 -LEADER
fixed length control field 00566nam a22001697a 4500
003 - CONTROL NUMBER IDENTIFIER
control field BDDh-ASL
005 - DATE AND TIME OF LATEST TRANSACTION
control field 20231015030342.0
008 - FIXED-LENGTH DATA ELEMENTS--GENERAL INFORMATION
fixed length control field 210421s1941 ii ||||| |||| 00| 0 eng d
040 ## - CATALOGING SOURCE
Original cataloging agency BDDh-ASL
Transcribing agency BDDh-ASL
082 ## - DEWEY DECIMAL CLASSIFICATION NUMBER
Classification number 363.8
Item number BEF
110 1# - MAIN ENTRY--CORPORATE NAME
9 (RLIN) 3755
Corporate name or jurisdiction name as entry element Government of Bengal Revenue Department
245 00 - TITLE STATEMENT
Title Famine Manual /
Statement of responsibility, etc. Government of Bengal Revenue Department.
260 ## - PUBLICATION, DISTRIBUTION, ETC.
Place of publication, distribution, etc. Alipore, Bengal:
Name of publisher, distributor, etc. Superintendent, Government Printing, Bengal Government Press,
Date of publication, distribution, etc. 1941.
300 ## - PHYSICAL DESCRIPTION
Extent 72 p. :
Dimensions 22 cm.
650 #0 - SUBJECT ADDED ENTRY--TOPICAL TERM
9 (RLIN) 1205
Topical term or geographic name entry element Famine
General subdivision Famine Manual
942 ## - ADDED ENTRY ELEMENTS (KOHA)
Source of classification or shelving scheme Dewey Decimal Classification
Koha item type Books
Holdings
Withdrawn status Lost status Source of classification or shelving scheme Damaged status Not for loan Collection code Home library Current library Shelving location Date acquired Source of acquisition Total Checkouts Full call number Barcode Date last seen Copy number Price effective from Koha item type Public note
    Dewey Decimal Classification Damaged Not For Loan Non-fiction Asiatic Society Library Asiatic Society Library General Stacks 04/21/2021 ASB Library Collections   363.8 BEF 108934 04/21/2021 C-1 04/21/2021 Books Rare

Powered by Koha